General Knowledge #15 - Statistics

General Stats
  • This quiz has been taken 80 times
  • The average score is 10 of 20
Answer Stats
Question Answer % Correct
How old was Diana when she married Prince Charles? 20
93%
What colour belt is the highest rank in Karate? Black
91%
The glass is either half full or half what? Empty
88%
What are two terms for a male cow? Bull
79%
What is the most common M&M colour? Blue
78%
If one is wearing a birthday suit, what are they wearing? Nothing
75%
Who was the first leader of communist Russia? Vladimir Lenin
69%
A Manx cat has how many tails? None
63%
Who did Hitler marry? Eva Braun
60%
What divided Europe during the Cold War? Iron Curtain
56%
Windhoek is the capital of which southern African country? Namibia
50%
In nautical terms, what is the opposite of port? Starboard
46%
Pewter is made from what two metals? Tin
43%
A cloud is meant to have a what? Silver Lining
41%
Lead
25%
Steer
24%
What country has the oldest continuous monarchy in the world? Japan
15%
English is the primary language in how many countries? 67
7%
What is the currency of Brazil? Brazilian real
6%
Other than the pyramids, where were the Pharaohs buried? Valleys of the Kings
0%
No matching quizzes found
Score Distribution
Percent of People with Each Score
Percentile by Number Answered
Your Score History
You have not taken this quiz